| 000 | 00568nam a2200181 i 4500 | ||
|---|---|---|---|
| 001 | 179329 | ||
| 003 | ES-MaACL | ||
| 005 | 20230906220746.0 | ||
| 008 | 111103s1921 fr |||| | fre d | ||
| 245 | 0 | 0 |
_aAnthologie de l'Académie Française, un siècle de discours académiques, 1820-1920 / _cpar Paul Gautier. |
| 260 |
_aParis : _bDelagrave, _c1921. |
||
| 300 |
_a2 vol. ; _c17 cm. |
||
| 490 | 1 | _aCollection Pallas | |
| 710 | 0 |
_aAcadémie française. _91233 |
|
| 830 | 0 |
_aCollection Pallas _9180897 |
|
| 852 |
_aES-MaACL _jF-2733-34 |
||
| 999 |
_c179329 _d179329 |
||